Tilastot visalle Satunnainen Pääkaupunki Valtiolle

Klikkaa tästä pelataksesi tätä visaa!

Yleistilastot

  • Tätä visaa on pelattu 549 kertaa
  • Keskiarvotulos 12 / 20

Vastaustilastot

CountryCapital City% Oikein
GhanaAccra
100%
EtiopiaAddis Abeba
100%
AlgeriaAlger
100%
AlankomaatAmsterdam
100%
ThaimaaBangkok
100%
SerbiaBelgrad
100%
SaksaBerliini
100%
SlovakiaBratislava
100%
Kongon tasavaltaBrazzaville
100%
BelgiaBryssel
100%
AustraliaCanberra
100%
IrelantiDublin
100%
Sierra LeoneFreetown
100%
BotswanaGaborone
100%
ZimbabweHarare
100%
SuomiHelsinki
100%
IsraelJerusalem
100%
AfganistanKabul
100%
NepalKathmandu
100%
SudanKhartum
100%
UkrainaKiova
100%
TanskaKööpenhamina
100%
SloveniaLjubljana
100%
EspanjaMadrid
100%
MaldiivitMalé
100%
FilippiinitManila
100%
MeksikoMéxico
100%
Valko-VenäjäMinsk
100%
MonacoMonaco
100%
UruguayMontevideo
100%
VenäjäMoskova
100%
IntiaNew Delhi
100%
TongaNukuʻalofa
100%
KazakstanNur-Sultan
100%
NorjaOslo
100%
KanadaOttawa
100%
KiinaPeking
100%
TšekkiPraha
100%
Etelä-AfrikkaPretoria / Kapkaupunki / Bloemfontein
100%
JemenSanaa
100%
San MarinoSan Marino
100%
SingaporeSingapore
100%
Pohjois-MakedoniaSkopje
100%
BulgariaSofia
100%
Etelä-KoreaSoul
100%
ViroTallinna
100%
GeorgiaTbilisi
100%
RuotsiTukholma
100%
LiechtensteinVaduz
100%
PuolaVarsova
100%
VatikaanivaltioVatikaani
100%
LiettuaVilna
100%
ItävaltaWien
100%
BahamaNassau
83%
AndorraAndorra la Vella
80%
LuxemburgLuxemburg
75%
ChileSantiago
75%
LibyaTripoli
75%
ParaguayAsunción
67%
UnkariBudapest
67%
VenezuelaCaracas
67%
MoldovaChișinău
67%
SomaliaMogadishu
67%
LiberiaMonrovia
67%
KeniaNairobi
67%
Pohjois-KoreaPjongjang
67%
KosovoPristina
67%
EcuadorQuito
67%
DominicaRoseau
67%
Dominikaaninen tasavaltaSanto Domingo
67%
AlbaniaTirana
67%
PortugaliLissabon
60%
Yhdistyneet arabiemiirikunnatAbu Dhabi
50%
NigeriaAbuja
50%
IrakBagdad
50%
MaliBamako
50%
LibanonBeirut
50%
BelizeBelmopan
50%
SveitsiBern
50%
GuineaConakry
50%
TuvaluFunafuti
50%
IndonesiaJakarta
50%
UgandaKampala
50%
EswatiniMbabane
50%
KomoritMoroni
50%
KyprosNikosia
50%
MauritaniaNouakchott
50%
PanamaPanama
50%
HaitiPort-au-Prince
50%
IslantiReykjavík
50%
Saudi-ArabiaRiad
50%
Antigua ja BarbudaSaint John's
50%
São Tomé and PríncipeSão Tomé
50%
KiribatiSouth Tarawa
50%
FidžiSuva
50%
TaiwanTaipei
50%
TunisiaTunis
50%
MaltaValletta
50%
AzerbaidžanBaku
33%
ArgentiinaBuenos Aires
33%
SenegalDakar
33%
PeruLima
33%
Yhdistynyt kuningaskuntaLontoo
33%
SurinameParamaribo
33%
VanuatuPort Vila
33%
SeychellitVictoria
33%
NauruYaren
33%
KroatiaZagreb
33%
YhdysvallatWashington D.C.
25%
QatarDoha
20%
TšadN'Djamena
14%
JordaniaAmman
0%
TurkkiAnkara
0%
MadagascarAntananarivo
0%
SamoaApia
0%
TurkmenistanAšgabat
0%
EritreaAsmara
0%
KreikkaAteena
0%
BruneiBandar Seri Begawan
0%
Keski-AfrikkaBangui
0%
GambiaBanjul
0%
St. Kitts and NevisBasseterre
0%
KirgisiaBiškek
0%
Guinea-BissauBissau
0%
KolumbiaBogotá
0%
BrasiliaBrasília
0%
BarbadosBridgetown
0%
RomaniaBukarest
0%
St. LuciaCastries
0%
SyyriaDamaskos
0%
BangladeshDhaka
0%
Itä-TimorDili
0%
DjiboutiDjibouti
0%
TansaniaDodoma
0%
TadžikistanDušanbe
0%
GuyanaGeorgetown
0%
BurundiGitega
0%
GuatemalaGuatemala
0%
VietnamHanoi
0%
KuubaHavanna
0%
SolomonsaaretHoniara
0%
PakistanIslamabad
0%
ArmeniaJerevan
0%
Etelä-SudanJuba
0%
EgyptiKairo
0%
RuandaKigali
0%
JamaikaKingston
0%
St. Vincent ja GrenadiinitKingstown
0%
Kongon demokrat. tasavaltaKinshasa
0%
MalesiaKuala Lumpur
0%
KuwaitKuwait City
0%
BoliviaLa Paz / Sucre
0%
GabonLibreville
0%
MalawiLilongwe
0%
TogoLomé
0%
AngolaLuanda
0%
SambiaLusaka
0%
MarshallsaaretMajuro
0%
Päiväntasaajan GuineaMalabo
0%
NicaraguaManagua
0%
BahrainManama
0%
MosambikMaputo
0%
LesothoMaseru
0%
OmanMasqat
0%
MyanmarNaypyidaw
0%
PalauNgerulmud
0%
NigerNiamey
0%
Burkina FasoOuagadougou
0%
MikronesiaPalikir
0%
RanskaPariisi
0%
KambodžaPhnom Penh
0%
MontenegroPodgorica
0%
MauritiusPort Louis
0%
Papua-Uusi-GuineaPort Moresby
0%
Trinidad ja TobagoPort-of-Spain
0%
BeninPorto-Novo / Cotonou
0%
Kap VerdePraia
0%
MarokkoRabat
0%
LatviaRiika
0%
ItaliaRooma
0%
GrenadaSaint George's
0%
Costa RicaSan José
0%
El SalvadorSan Salvador
0%
Bosnia ja HertsegovinaSarajevo
0%
Sri LankaSri Jayawardenepura Kotte / Colombo
0%
UzbekistanTaškent
0%
HondurasTegucigalpa
0%
IranTeheran
0%
BhutanThimphu
0%
JapaniTokio
0%
MongoliaUlaanbaatar
0%
LaosVientiane
0%
Uusi-SeelantiWellington
0%
NamibiaWindhoek
0%
NorsunluurannikkoYamoussoukro
0%
CameroonYaoundé
0%

Tulosjakauma

Persentiili vastausten määrän mukaan

Jokaisen tuloksen saaneiden osuus

Tuloshistoriasi

Et ole pelannut tätä visaa